00355nam a2200133Ia 4500008004100000041000800041082001600049100002100065245003900086260002900125300000900154650003900163999001900202230516s9999 xx 000 0 und d aeng a362.176/HAJ aDR. ASHOK HAJARE aCOMMUNITY PHARMACY AND MANAGEMENT  bNIRALI PUBLICATIONc2022 a9.92 aCOMMUNITY PHARMACY AND MANAGEMENT  c394599d394599